000 00674nam a22002057a 4500
008 161202b xxu||||| |||| 00| 0 eng d
020 _a978-1-305-09418-5
082 _22016.
_aDC 327
_bSco83
100 _917918
_aScott, James
245 _aInternational relations/
_cJames Scott, Ralph Carter and Cooper Drury.
250 _aStudent Edition 2.
260 _aUnited States of America:
_bCengage Learning,
_cc2016.
300 _axvi, 466 pages:
_bcolor illustrations;
_c27 cm.
500 _aIncludes index.
650 0 _917934
_aInternational relations.
700 _917919
_aCarter, Ralph
700 _917920
_aDrury, Cooper
365 _b5,775.00
_cPhp
942 _2ddc
_cDC
999 _c5914
_d5914